Score 0/10 Timer 01:00
6 Plays Today
Clue 4-Letter Word % Correct
Someone between 12 and 20TEEN
92.2%
Three in Toledo?TRES
88.9%
Golf ball holdersTEES
86.1%
Imbruglia's hit songTORN
79.6%
DawnMORN
71.8%
A shore birdTERN
71.5%
Greek god of warARES
71.4%
Roman god of warMARS
67.6%
A place for buying and selling goodsMART
63.1%
Pioneering comedian SahlMORT
52.6%

Today's Daily Dose

Remove Ads.
Support Sporcle.
Get the best of Sporcle when you Go Orange. This ad-free experience offers more features, more stats, and more fun while also helping to support Sporcle. Thank you for becoming a member.

You're not logged in!

Compare scores with friends on all Sporcle quizzes.
OR
Log In

Show Comments

Extras

Top Quizzes Today


Score Distribution

Your Account Isn't Verified!

In order to create a playlist on Sporcle, you need to verify the email address you used during registration. Go to your Sporcle Settings to finish the process.

Report this User

Report this user for behavior that violates our Community Guidelines.

Details: